<The> Czech Republic an the cross-border cooperation

Cezhraničná spolupráca, ktorá sa stala od r. 1990 dôležitým prvkom regionálneho rozvoja českých pohraničných oblastí. Výsledky výskumu zameraného na postoje českých obyvateľov žijúcich na pohraničí Českej republiky.

Salvato in:
Dettagli Bibliografici
Autore principale: Novotný, Lukáš
Natura: Capitolo di libro
Lingua:ceco
Soggetti:
Tags: Aggiungi Tag
Nessun Tag, puoi essere il primo ad aggiungerne!!

MARC

LEADER 00000naa a2200000 4500
001 0128461
005 20231103065518.7
041 0 |a cze 
044 |a SK 
245 1 0 |a <The> Czech Republic an the cross-border cooperation  |c Lukáš Novotný 
520 |a Cezhraničná spolupráca, ktorá sa stala od r. 1990 dôležitým prvkom regionálneho rozvoja českých pohraničných oblastí. Výsledky výskumu zameraného na postoje českých obyvateľov žijúcich na pohraničí Českej republiky. 
610 2 0 |a spolupráca cezhraničná 
610 2 0 |a regióny 
610 2 0 |a rozvoj regionálny 
610 2 0 |a integrácia 
610 2 0 |a príležitosť pracovná 
610 2 0 |a podmienky životné 
610 2 0 |a výskum 
610 2 0 |a Česko 
100 1 |a Novotný, Lukáš